Les Meilleurs buteurs de l'Euro 2000. - Statistiques

Statistiques générales
  • Ce quiz a été pris 37 fois
  • Le résultat moyen est 10 sur 20
Statistiques - réponses
Buts Équipe Joueur % Correct
2 France David Trezeguet
97%
3 France Thierry Henry
93%
2 France Zinédine Zidane
93%
2 France Sylvain Wiltord
83%
5 Pays-Bas Patrick Kluivert
77%
2 France Youri Djorkaeff
67%
2 Angleterre Alan Shearer
60%
2 Pays-Bas Frank de Boer
57%
4 Portugal Nuno Gomes
53%
2 Italie Francesco Totti
47%
2 Italie Filippo Inzaghi
40%
2 Turquie Hakan Şükür
40%
2 Pays-Bas Marc Overmars
40%
5 Yougoslavie Savo Milošević
33%
2 Pays-Bas Boudewijn Zenden
27%
2 Espagne Gaizka Mendieta
27%
3 Slovénie Zlatko Zahovič
27%
3 Portugal Sérgio Conceição
23%
2 République tchèque Vladimír Šmicer
17%
2 Espagne Alfonso Pérez
3%
Aucun quiz correspondant
Distribution des résultats
% des personnes avec chaque résultat
Percentile par nombre de réponses
Votre historique - résultats
Vous n’avez pas pris ce quiz